000 00226nam a22001097a 4500
041 _aeng
080 _a80
100 _aNolasco, R.
245 _aNew Streetwise Intermediate T. B.
650 _aEnglish Practice
999 _c280364
_d280364
942 _cBK